[Event "ICS rated bullet match"]
[Site "204.178.125.65"]
[Date "2001.07.06"]
[Round "?"]
[White "Yace"]
[Black "Hossa"]
[Result "1-0"]
[WhiteElo "2605"]
[BlackElo "2530"]
[PlyCount "67"]
[EventDate "2001.??.??"]

1. c4 Nf6 2. Nf3 e6 3. d4 Bb4+ 4. Nbd2 O-O 5. a3 Be7 6. e4 d5 7. Bd3 dxc4 8.
Nxc4 b5 9. Ne3 b4 10. e5 Ne8 11. axb4 Bxb4+ 12. Bd2 Bxd2+ 13. Qxd2 c6 14. O-O
Nc7 15. Qc2 g6 16. Ng4 Nd5 17. Qd2 h5 18. Qh6 Ba6 19. Bxa6 Re8 20. Ng5 Qxg5 21.
Qxg5 Nxa6 22. Nf6+ Nxf6 23. exf6 Kh7 24. Rxa6 Reb8 25. Qc5 Rb7 26. Rfa1 Rxb2
27. Rxa7 Rab8 28. Rxf7+ Kg8 29. Rg7+ Kh8 30. Qc1 Rd2 31. Qxd2 g5 32. Qxg5 Rb1+
33. Rxb1 h4 34. Qh5# {Hossa checkmated} 1-0

[Event "ICS rated standard match"]
[Site "204.178.125.65"]
[Date "2001.07.06"]
[Round "?"]
[White "Hossa"]
[Black "ChesterX"]
[Result "0-1"]
[WhiteElo "2284"]
[BlackElo "2563"]
[PlyCount "110"]
[EventDate "2001.??.??"]

1. c4 c5 2. Nc3 Nc6 3. g3 g6 4. Bg2 Bg7 5. e3 e6 6. Nf3 Nge7 7. d4 cxd4 8. Nxd4
Nxd4 9. exd4 d5 10. cxd5 Nxd5 11. O-O O-O 12. Nxd5 exd5 13. Bf4 Be6 14. Qd2 Rc8
15. Rfe1 Qb6 16. Be5 Bxe5 17. Rxe5 Rc4 18. Rd1 Rfc8 19. Bxd5 Rc2 20. Qg5 Bxd5
21. Rxd5 Rxb2 22. Rc5 Re8 23. Qf4 Rxa2 24. Rc7 Qb3 25. Rd3 Qd5 26. Rf3 Rf8 27.
Rc5 Qd7 28. Rc1 a5 29. Kg2 Ra4 30. Rd1 Rc4 31. Qf6 b5 32. d5 a4 33. Re3 b4 34.
Re7 Qd8 35. Qe5 a3 36. Rd3 Qa8 37. Rd1 a2 38. Kg1 Rc2 39. Qd4 b3 40. Ra7 b2 41.
Kg2 Qxa7 42. Qxa7 b1=Q 43. Rxb1 axb1=Q 44. h4 Qd1 45. Qe3 Rc1 46. g4 Qh1+ 47.
Kg3 Rg1+ 48. Kf4 Qxh4 49. Qg3 Qf6+ 50. Ke4 Rxg3 51. fxg3 Qc3 52. Kf4 Re8 53. g5
Qc4+ 54. Kf3 Qe2+ 55. Kf4 Qe4# {Hossa checkmated} 0-1

[Event "ICS rated standard match"]
[Site "204.178.125.65"]
[Date "2001.07.06"]
[Round "?"]
[White "ParkChamp"]
[Black "Hossa"]
[Result "0-1"]
[WhiteElo "2184"]
[BlackElo "2279"]
[PlyCount "68"]
[EventDate "2001.??.??"]

1. d4 e6 2. c4 d5 3. Nc3 c6 4. cxd5 exd5 5. Nf3 Nf6 6. Bg5 h6 7. Bh4 Bb4 8. Qc2
g5 9. Bg3 Ne4 10. e3 Qa5 11. Rc1 Qxa2 12. Bd3 Bxc3+ 13. bxc3 Qxc2 14. Rxc2 Nxg3
15. hxg3 f6 16. Kd2 a5 17. Rcc1 a4 18. e4 dxe4 19. Bxe4 a3 20. Rc2 Be6 21. c4
Ke7 22. Bd3 Ra5 23. Ra1 Nd7 24. Ne1 b5 25. Kc3 Rb8 26. Re2 b4+ 27. Kb3 Kd6 28.
Nc2 c5 29. d5 Bf7 30. f4 Nf8 31. Bf5 Be8 32. Rae1 Ba4+ 33. Ka2 b3+ 34. Kb1 a2+
{ParkChamp resigns} 0-1

[Event "ICS rated standard match"]
[Site "204.178.125.65"]
[Date "2001.07.06"]
[Round "?"]
[White "Hossa"]
[Black "erce"]
[Result "1-0"]
[WhiteElo "2291"]
[BlackElo "2253"]
[PlyCount "107"]
[EventDate "2001.??.??"]

1. c4 e5 2. Nc3 Nf6 3. Nf3 Nc6 4. e3 Bb4 5. Qc2 O-O 6. Nd5 d6 7. Bd3 g6 8. a3
Bc5 9. b4 Bb6 10. Nxb6 axb6 11. Bb2 Bg4 12. Be2 Re8 13. d3 Ne7 14. O-O Nf5 15.
e4 Bxf3 16. Bxf3 Ng7 17. Qd2 Ne6 18. Qh6 Nd7 19. Bg4 Ndf8 20. f4 Nd4 21. f5 f6
22. fxg6 hxg6 23. Bxd4 exd4 24. Bd1 c5 25. bxc5 bxc5 26. a4 b6 27. Ra2 Ra7 28.
Raf2 Rh7 29. Qf4 Rf7 30. Qg3 Kg7 31. Bg4 Qe7 32. Rb2 Rb8 33. a5 Qc7 34. Rfb1
Nd7 35. axb6 Rxb6 36. Rxb6 Nxb6 37. Bh5 g5 38. Bxf7 Kxf7 39. Qh3 Kg7 40. Rf1
Qe7 41. Ra1 Qc7 42. Qe6 Nc8 43. Ra8 Ne7 44. Re8 Ng6 45. Rg8+ Kh6 46. g3 Qa5 47.
Qh3+ Nh4 48. gxh4 Qe1+ 49. Qf1 Qe3+ 50. Kh1 Qf4 51. hxg5+ fxg5 52. Qh3+ Qh4 53.
Qe6+ Kh5 54. Rh8# {erce checkmated} 1-0

[Event "ICS Rated standard match"]
[Site "204.178.125.65"]
[Date "2001.07.06"]
[Round "?"]
[White "Yariv"]
[Black "Hossa"]
[Result "0-1"]
[WhiteElo "2139"]
[BlackElo "2305"]
[PlyCount "62"]
[EventDate "2001.??.??"]

1. d4 c5 2. d5 d6 3. Nc3 e6 4. e4 Nf6 5. Nf3 Be7 6. Bc4 exd5 7. exd5 O-O 8. O-O
Re8 9. h3 a6 10. a4 b6 11. Bf4 Nbd7 12. Re1 Bb7 13. Qd3 Nf8 14. Re2 Ng6 15. Bh2
Qc7 16. Rae1 Qd7 17. b3 Bd8 18. Rxe8+ Nxe8 19. Ne4 Be7 20. Ng3 Nc7 21. Qf5 Rd8
22. Qxd7 Rxd7 23. Nf5 Bf8 24. Rd1 b5 25. axb5 axb5 26. Bf1 Bxd5 27. c4 Bxf3 28.
gxf3 bxc4 29. Bxc4 Ne6 30. Bxe6 fxe6 31. Nxd6 e5 {Yariv resigns} 0-1

[Event "ICS rated blitz match"]
[Site "204.178.125.65"]
[Date "2001.07.06"]
[Round "?"]
[White "CM7K"]
[Black "Hossa"]
[Result "1-0"]
[WhiteElo "2601"]
[BlackElo "2565"]
[PlyCount "105"]
[EventDate "2001.??.??"]

1. e4 e5 2. Nc3 Nc6 3. Bc4 Nf6 4. d3 Na5 5. Be3 Nxc4 6. dxc4 Bb4 7. Nge2 Nxe4
8. Qd5 Nxc3 9. Qxe5+ Qe7 10. Qxe7+ Kxe7 11. bxc3 Bd6 12. Nd4 Be5 13. O-O Kd8
14. c5 Re8 15. Rfd1 c6 16. Rab1 g6 17. c4 Ke7 18. Nf3 Kf6 19. Re1 Re6 20. Bg5+
Kf5 21. h3 h5 22. Nxe5 f6 23. Bxf6 Kxf6 24. f4 b6 25. cxb6 axb6 26. Rxb6 Kf5
27. c5 Rxa2 28. Rb8 Re8 29. g4+ hxg4 30. hxg4+ Kf6 31. Re2 Ra4 32. c4 Kg7 33.
Kf2 Rf8 34. Kf3 Ra7 35. Rd2 Rc7 36. Rd6 Rf6 37. Ke4 Re6 38. Ra8 Rf6 39. f5 g5
40. Kd4 Rf8 41. Rg6+ Kh8 42. Rxg5 Rf6 43. Ng6+ Kh7 44. Ke5 Rf7 45. Ra3 Kh6 46.
Kf4 Rxf5+ 47. gxf5 Kg7 48. Ne5+ Kf8 49. Rag3 Ke7 50. Rg7+ Kd8 51. Rg8+ Ke7 52.
R3g7+ Kf6 53. Rf7# {Hossa checkmated} 1-0

[Event "ICS rated standard match"]
[Site "204.178.125.65"]
[Date "2001.07.06"]
[Round "?"]
[White "Hossa"]
[Black "Junior7"]
[Result "1/2-1/2"]
[WhiteElo "2312"]
[BlackElo "2200"]
[PlyCount "166"]
[EventDate "2001.??.??"]

1. c4 Nf6 2. Nc3 e6 3. d4 d5 4. Bg5 Be7 5. cxd5 exd5 6. e3 O-O 7. Bd3 c6 8.
Nge2 Re8 9. Qc2 Nbd7 10. O-O Nf8 11. f3 Ng6 12. Ng3 Be6 13. Rfe1 Rc8 14. Nf5 h6
15. Nxe7+ Qxe7 16. Bxg6 hxg5 17. Bd3 g4 18. f4 c5 19. Qf2 g6 20. dxc5 Rxc5 21.
Rad1 Ne4 22. Bxe4 dxe4 23. Nxe4 Rh5 24. b4 f6 25. Rd4 Kg7 26. Ng3 Rb5 27. a3
Rh8 28. e4 Bc8 29. f5 Re5 30. fxg6 Kxg6 31. Rf1 Kf7 32. Rd5 Rxd5 33. exd5 Qe5
34. Rd1 Rd8 35. Qd2 f5 36. Nh5 Rd6 37. Nf4 Bd7 38. Re1 Qf6 39. Qe3 a6 40. Nh5
Qd8 41. Qe5 Rg6 42. Rf1 Qe8 43. Qc3 Qd8 44. Kh1 Qc8 45. Qxc8 Bxc8 46. Nf4 Rg8
47. Re1 Bd7 48. d6 Re8 49. Rxe8 Bxe8 50. Nd3 Ke6 51. Nc5+ Kxd6 52. Nxb7+ Kc6
53. Nc5 Kb5 54. Ne6 Ka4 55. Nc7 Bc6 56. Nxa6 Kxa3 57. Kg1 Ka4 58. Kf2 Kb5 59.
Nb8 Be4 60. g3 Kxb4 61. Nd7 Kc4 62. Ke3 Kd5 63. Kf4 Ke6 64. Ne5 Bb1 65. Nc6 Kf6
66. Nd4 Bd3 67. Nb3 Bc4 68. Nc5 Bf1 69. Na4 Bb5 70. Nc3 Bc4 71. Nd1 Bf1 72. Nf2
Be2 73. h4 gxh3 74. Nxh3 Bg4 75. Nf2 Be2 76. Ne4+ fxe4 77. Kxe4 Bh5 78. Kf4 Kg6
79. Ke5 Bg4 80. Kd6 Bh5 81. Ke6 Kg5 82. Ke7 Kg4 83. Kf6 Kxg3 {
Game drawn because neither player has mating material} 1/2-1/2

[Event "ICS rated standard match"]
[Site "204.178.125.65"]
[Date "2001.07.07"]
[Round "?"]
[White "PissedPawn"]
[Black "Hossa"]
[Result "1-0"]
[WhiteElo "2200"]
[BlackElo "2312"]
[PlyCount "87"]
[EventDate "2001.??.??"]

1. d4 d5 2. Nf3 Nf6 3. c4 e6 4. Nc3 Be7 5. Qc2 Nc6 6. e3 O-O 7. a3 Bd7 8. cxd5
exd5 9. Bd3 Re8 10. Ne5 Bd6 11. Nxd7 Qxd7 12. O-O Qg4 13. Nb5 Red8 14. Nxd6
Rxd6 15. b4 a6 16. Rb1 Qh4 17. a4 Ne8 18. Ba3 Rh6 19. h3 Qg5 20. b5 axb5 21.
Rxb5 Rxh3 22. Rxb7 Nd8 23. Qc5 Nd6 24. Rxc7 Rh6 25. Rd7 Rc8 26. f4 Qh4 27. Qxd5
Qh2+ 28. Kf2 Ne8 29. Re7 Nf6 30. Qd7 Ng4+ 31. Kf3 Rh3+ 32. gxh3 Qxh3+ 33. Ke2
Qg2+ 34. Kd1 Qxf1+ 35. Bxf1 h5 36. Re8+ Kh7 37. Bd3+ g6 38. Rxd8 Kg7 39. Bf8+
Kg8 40. Rxc8 Nxe3+ 41. Ke2 Nc2 42. Bh6+ Kh7 43. Qxf7+ Kxh6 44. Qxg6# {
Hossa checkmated} 1-0

[Event "ICS rated standard match"]
[Site "204.178.125.65"]
[Date "2001.07.07"]
[Round "?"]
[White "Hossa"]
[Black "Junior7"]
[Result "0-1"]
[WhiteElo "2311"]
[BlackElo "2337"]
[PlyCount "76"]
[EventDate "2001.??.??"]

1. c4 e5 2. Nc3 Nc6 3. Nf3 g6 4. d4 d6 5. d5 Nce7 6. e4 f5 7. Ng5 Nf6 8. exf5
Nxf5 9. Bd3 Bg7 10. O-O O-O 11. f4 c6 12. dxc6 bxc6 13. c5 exf4 14. Bxf5 Bxf5
15. cxd6 Qb6+ 16. Kh1 h6 17. Nh3 g5 18. Ng1 Qc5 19. Na4 Qd5 20. Nc3 Qe6 21. Nf3
Nd5 22. Nd4 Qxd6 23. Nxf5 Rxf5 24. Ne4 Qg6 25. Nc5 Re5 26. Bd2 Rae8 27. Rf2
R5e7 28. Ba5 g4 29. Rc1 g3 30. Rd2 Qh5 31. h3 f3 32. Rxd5 fxg2+ 33. Kxg2 Re2+
34. Kg1 Qf3 35. Qxe2 Rxe2 36. Rd8+ Kh7 37. Rh8+ Bxh8 38. Rf1 Qg2# {
Hossa checkmated} 0-1

[Event "ICS rated standard match"]
[Site "204.178.125.65"]
[Date "2001.07.07"]
[Round "?"]
[White "Junior7"]
[Black "Hossa"]
[Result "1-0"]
[WhiteElo "2434"]
[BlackElo "2309"]
[PlyCount "137"]
[EventDate "2001.??.??"]

1. e4 e5 2. Nf3 Nc6 3. Bb5 a6 4. Ba4 Nf6 5. O-O b5 6. Bb3 Bc5 7. Nxe5 Nxe5 8.
d4 Bxd4 9. Qxd4 d6 10. f4 c5 11. Qc3 Neg4 12. h3 c4 13. hxg4 O-O 14. Qd4 Nxg4
15. f5 cxb3 16. axb3 Qf6 17. Qd5 Qe5 18. Qxe5 dxe5 19. Nc3 Bb7 20. Nd5 h5 21.
c4 Bxd5 22. cxd5 Rfc8 23. Bd2 Rc2 24. Bc3 Kf8 25. Rac1 Re2 26. Bb4+ Kg8 27.
Rfd1 Nf2 28. d6 Nxd1 29. d7 Rxe4 30. Rc8+ Kh7 31. Rxa8 Rd4 32. d8=R Rxd8 33.
Rxd8 Ne3 34. Rd6 Nxf5 35. Rxa6 e4 36. Rb6 Nd4 37. Bc3 Nf5 38. Rxb5 Kg6 39. Rd5
f6 40. b4 Ne7 41. Rd7 Kf7 42. b5 Ke6 43. Rd4 Nf5 44. Rxe4+ Kd5 45. Rb4 Nd6 46.
Rd4+ Ke6 47. b6 g6 48. Bb4 Nb7 49. Rc4 Nd8 50. Rc7 Kd5 51. b7 Nxb7 52. Rxb7 g5
53. Be7 Ke6 54. Bxf6 Kxf6 55. Rc7 h4 56. b4 Ke5 57. b5 h3 58. gxh3 Kd5 59. b6
Kd6 60. Rc1 Ke7 61. b7 Kf6 62. b8=R Ke6 63. Rc5 Ke7 64. Rb6 Ke8 65. Ra5 Kd7 66.
Ra7+ Kc8 67. Rg6 Kb8 68. Rh7 Kc8 69. Rg8# {Hossa checkmated} 1-0

[Event "ICS rated standard match"]
[Site "204.178.125.65"]
[Date "2001.07.07"]
[Round "?"]
[White "Hossa"]
[Black "Junior7"]
[Result "0-1"]
[WhiteElo "2307"]
[BlackElo "2492"]
[PlyCount "186"]
[EventDate "2001.??.??"]

1. c4 Nf6 2. Nc3 g6 3. e4 d6 4. d4 Bg7 5. Nf3 O-O 6. Be2 e5 7. Be3 Na6 8. dxe5
dxe5 9. O-O Qe7 10. Nd5 Qd8 11. Bg5 Nc5 12. Qc2 Ncxe4 13. Nxf6+ Nxf6 14. Nxe5
Bf5 15. Bd3 Re8 16. Bxf5 Rxe5 17. Rad1 Qe7 18. Rd7 Qe8 19. Bxf6 Bxf6 20. Bg4 h5
21. Bh3 Re7 22. Rxe7 Qxe7 23. b3 Re8 24. Qd3 c5 25. a3 Bd4 26. Qd2 b6 27. g3
Qf6 28. Bg2 Kg7 29. Rd1 g5 30. Rf1 h4 31. gxh4 gxh4 32. Rd1 Re5 33. Rf1 h3 34.
Bb7 Kf8 35. Kh1 Rf5 36. f4 Re5 37. Qd1 Re3 38. f5 Qe7 39. Bf3 Qe5 40. f6 a5 41.
a4 Qf5 42. Be2 Qe4+ 43. Bf3 Qd3 44. Bh5 Qxd1 45. Bxd1 Rd3 46. Bc2 Rd2 47. Bf5
Be5 48. Re1 Bc7 49. Be4 Rxh2+ 50. Kg1 Rd2 51. Bc6 h2+ 52. Kf1 Kg8 53. Re2 Rd4
54. Bg2 Rf4+ 55. Rf2 Rg4 56. Re2 Kf8 57. Re7 Bd8 58. Re3 Bxf6 59. Rh3 Be5 60.
Rh6 f6 61. Rh7 Rg6 62. Kf2 Kg8 63. Rh5 Kg7 64. Be4 Rg4 65. Bc6 Rg1 66. Ke2 Rb1
67. Rh3 Rb2+ 68. Kf1 Kg6 69. Bf3 Kg5 70. Bc6 Kg4 71. Rh8 Rxb3 72. Rh7 Rb4 73.
Rg7+ Kf5 74. Ke2 Rxc4 75. Bd7+ Ke4 76. Bc6+ Kf4 77. Rh7 Rc2+ 78. Kd3 Rc3+ 79.
Ke2 c4 80. Kd1 Rd3+ 81. Ke2 Kf5 82. Rh8 Rd6 83. Bb5 Rd8 84. Rh7 Kg6 85. Rh3 c3
86. Bc6 f5 87. Rd3 c2 88. Rxd8 c1=Q 89. Bd5 Qc2+ 90. Kf1 Qd3+ 91. Kf2 Bg3+ 92.
Kg2 h1=Q+ 93. Kxh1 Qf1# {Hossa checkmated} 0-1

[Event "ICS rated standard match"]
[Site "204.178.125.65"]
[Date "2001.07.07"]
[Round "?"]
[White "Contact"]
[Black "Hossa"]
[Result "0-1"]
[WhiteElo "2053"]
[BlackElo "2305"]
[PlyCount "44"]
[EventDate "2001.??.??"]

1. e4 d5 2. exd5 Qxd5 3. Nc3 Qa5 4. d4 c6 5. f4 Nf6 6. Nf3 Bg4 7. Bc4 Ne4 8.
Bxf7+ Kxf7 9. Ne5+ Qxe5 10. fxe5 Bxd1 11. Nxd1 Na6 12. Ke2 Kg6 13. h4 Ng3+ 14.
Kf3 Nxh1 15. g4 h5 16. g5 Rd8 17. c3 c5 18. Be3 e6 19. Kg2 cxd4 20. cxd4 Nb4
21. Bg1 Nc2 22. Rc1 Nxd4 {Contact resigns} 0-1

[Event "ICS rated standard match"]
[Site "204.178.125.65"]
[Date "2001.07.07"]
[Round "?"]
[White "Hossa"]
[Black "lat1"]
[Result "1-0"]
[WhiteElo "2311"]
[BlackElo "2333"]
[PlyCount "61"]
[EventDate "2001.??.??"]

1. c4 f5 2. d4 Nf6 3. d5 g6 4. Nf3 Bg7 5. e3 d6 6. Be2 O-O 7. O-O Na6 8. Nd4
Bd7 9. Nd2 c5 10. Ne6 Bxe6 11. dxe6 Nc7 12. Qc2 Nxe6 13. Nb3 b6 14. Bf3 Rb8 15.
Bd2 Nc7 16. Bc3 Qe8 17. Nd2 Nd7 18. Bxg7 Kxg7 19. Bc6 Qd8 20. Nf3 Nf6 21. Rfd1
Qc8 22. Ng5 h6 23. Nh3 Ne6 24. Bd5 Nh5 25. Qa4 a5 26. Qb3 Ng5 27. Nf4 Nxf4 28.
exf4 Nh7 29. Re1 Nf6 30. Rxe7+ Kh8 31. Qc3 {lat1 resigns} 1-0

[Event "ICS rated blitz match"]
[Site "204.178.125.65"]
[Date "2001.07.07"]
[Round "?"]
[White "Hossa"]
[Black "lambChop"]
[Result "1/2-1/2"]
[WhiteElo "2559"]
[BlackElo "2754"]
[PlyCount "181"]
[EventDate "2001.??.??"]

1. c4 e6 2. Nc3 d5 3. d4 Nf6 4. e3 b6 5. Nf3 Bb7 6. cxd5 exd5 7. Bd3 Bd6 8. Nh4
g6 9. Nf3 O-O 10. Bd2 Ba6 11. Bxa6 Nxa6 12. Qe2 Nb4 13. O-O c5 14. Nb5 Nc6 15.
dxc5 bxc5 16. Rfd1 a6 17. Nxd6 Qxd6 18. Be1 Ne4 19. Nd2 Nxd2 20. Bxd2 Rfe8 21.
Bc3 d4 22. Rac1 Re4 23. Qc2 Rae8 24. Be1 R4e5 25. b4 Qf6 26. bxc5 dxe3 27. Rd6
Qf4 28. fxe3 Rxe3 29. Bg3 Rxg3 30. hxg3 Qe3+ 31. Kh2 Re5 32. g4 Nd4 33. Rd8+
Kg7 34. Rxd4 Qxd4 35. Qc3 Qf4+ 36. Kg1 f6 37. c6 Re2 38. Rf1 Qe5 39. Qxe5 Rxe5
40. Rc1 Re8 41. Kf2 Kf8 42. c7 Rc8 43. Rc6 Ke7 44. Ke3 a5 45. Kd3 Kd7 46. Rxf6
Rxc7 47. Ra6 Rc1 48. Rxa5 Rg1 49. g5 Rxg2 50. a3 Kc6 51. a4 Rg3+ 52. Kc4 Rg4+
53. Kb3 Rf4 54. Rb5 Rf1 55. Kb4 Rb1+ 56. Ka5 Ra1 57. Rb6+ Kc7 58. Rf6 Rg1 59.
Rf7+ Kc6 60. Rxh7 Rxg5+ 61. Ka6 Rd5 62. Rh8 Kc5 63. Ka5 Kc4+ 64. Kb6 Rd6+ 65.
Kb7 g5 66. Rg8 Rd5 67. Kb6 Re5 68. Rc8+ Kb4 69. Rc6 Rf5 70. Rd6 Kxa4 71. Rd4+
Kb3 72. Kc6 Rf4 73. Kd5 Rxd4+ 74. Kxd4 Kb4 75. Ke4 Kc3 76. Kf3 Kd4 77. Kg3 Ke5
78. Kg4 Kf6 79. Kh3 Kf5 80. Kg3 g4 81. Kh2 Kf6 82. Kg2 Kg5 83. Kh1 g3 84. Kg2
Kg4 85. Kg1 Kf4 86. Kg2 Kg4 87. Kg1 Kh3 88. Kh1 g2+ 89. Kg1 Kh4 90. Kh2 g1=Q+
91. Kxg1 {Game drawn because neither player has mating material} 1/2-1/2

[Event "ICS rated blitz match"]
[Site "204.178.125.65"]
[Date "2001.07.07"]
[Round "?"]
[White "lambChop"]
[Black "Hossa"]
[Result "1-0"]
[WhiteElo "2746"]
[BlackElo "2567"]
[PlyCount "69"]
[EventDate "2001.??.??"]

1. c4 e6 2. d4 d5 3. Nc3 dxc4 4. e4 Nf6 5. Bxc4 Bb4 6. f3 c5 7. a3 Qxd4 8. Bb5+
Bd7 9. axb4 Qxd1+ 10. Kxd1 cxb4 11. Bxd7+ Kxd7 12. Na4 Na6 13. Be3 Kd6 14. Ne2
Rhc8 15. Nd4 Rd8 16. Ke2 Ke5 17. Rhd1 Rac8 18. Nb5 Rc2+ 19. Kf1 Rxd1+ 20. Rxd1
Ne8 21. Rd7 Kf6 22. Rxb7 Rc6 23. Nxa7 Rd6 24. Nb6 Rd1+ 25. Ke2 Rb1 26. Nc4 Rh1
27. Nc6 h5 28. N4e5 Nac7 29. Nd7+ Kg6 30. Nf8+ Kf6 31. f4 Rd1 32. Kxd1 Nb5 33.
Rxb5 g6 34. Bd4+ e5 35. Bxe5# {Hossa checkmated} 1-0

[Event "ICS rated standard match"]
[Site "204.178.125.65"]
[Date "2001.07.07"]
[Round "?"]
[White "charcarodon3"]
[Black "Hossa"]
[Result "0-1"]
[WhiteElo "2201"]
[BlackElo "2328"]
[PlyCount "122"]
[EventDate "2001.??.??"]

1. e4 Nc6 2. d4 d5 3. exd5 Qxd5 4. Nf3 Bg4 5. Nc3 Qf5 6. Bd3 Bxf3 7. Bxf5 Bxd1
8. Nxd1 Nxd4 9. Be4 Nf6 10. Bd3 O-O-O 11. O-O Nd7 12. Be3 Nc5 13. Bxd4 Rxd4 14.
Bf5+ e6 15. Bh3 Ne4 16. Ne3 Bc5 17. Rfd1 Rhd8 18. Rxd4 Rxd4 19. Rd1 Nxf2 20.
Bxe6+ fxe6 21. Rxd4 Nh3+ 22. gxh3 Bxd4 23. Kf2 Bxb2 24. Nc4 Bf6 25. Kf3 Kd7 26.
Ke4 Kc6 27. Ne3 Kd6 28. Ng2 Be5 29. Nf4 Bxf4 30. Kxf4 Kc5 31. Ke5 Kc4 32. Kxe6
Kc3 33. Kf7 c5 34. Kxg7 Kxc2 35. Kxh7 c4 36. h4 c3 37. h5 Kb2 38. h6 c2 39. Kg8
c1=Q 40. h7 Qc8+ 41. Kg7 Kxa2 42. h8=Q Qxh8+ 43. Kxh8 a5 44. h4 a4 45. h5 a3
46. h6 Kb3 47. h7 a2 48. Kg8 a1=Q 49. h8=Q Qxh8+ 50. Kxh8 b5 51. Kg7 b4 52. Kf6
Kc3 53. Kf5 b3 54. Ke4 b2 55. Ke5 b1=Q 56. Kd5 Qe1 57. Kd6 Kd4 58. Kc6 Qe7 59.
Kb5 Qb7+ 60. Ka4 Kc4 61. Ka3 Qb3# {charcarodon3 checkmated} 0-1

[Event "ICS rated blitz match"]
[Site "204.178.125.65"]
[Date "2001.07.07"]
[Round "?"]
[White "QueenMaxima"]
[Black "Hossa"]
[Result "0-1"]
[WhiteElo "2616"]
[BlackElo "2559"]
[PlyCount "170"]
[EventDate "2001.??.??"]

1. e4 d5 2. d4 dxe4 3. Nc3 Nf6 4. Bc4 Nc6 5. Bb5 a6 6. Bxc6+ bxc6 7. Nge2 c5 8.
dxc5 Qxd1+ 9. Kxd1 Bg4 10. h3 Bxe2+ 11. Kxe2 Rb8 12. b3 Kd7 13. Rd1+ Kc6 14.
Ba3 g6 15. Kf1 Bh6 16. Ne2 e5 17. c4 Rhd8 18. Ng3 e3 19. Bb2 Rd2 20. Rxd2 exd2
21. Rd1 Nd7 22. Bc3 Nxc5 23. Bxd2 Bxd2 24. Rxd2 a5 25. Kg1 a4 26. bxa4 Rb1+ 27.
Kh2 Rc1 28. Re2 Rxc4 29. Rxe5 Rxa4 30. Re2 Rh4 31. Rd2 Rc4 32. Ne2 Ne4 33. Rd1
Nxf2 34. Rf1 Ne4 35. Rxf7 Ng5 36. Rf8 Ra4 37. Nc1 Kb7 38. Rd8 c6 39. Re8 Re4
40. Rf8 Re7 41. Nd3 Ne4 42. a4 c5 43. a5 Kc6 44. a6 Kb5 45. Ra8 Kc6 46. h4 Kb6
47. Nf4 Ra7 48. Re8 Nd6 49. Re6 Kc6 50. h5 gxh5 51. Re5 Rxa6 52. Nd3 Ra5 53.
Rxh5 Nf7 54. Nxc5 h6 55. Rf5 Nd6 56. Rh5 Rxc5 57. Rxh6 Rc2 58. Rh7 Rd2 59. Rh8
Re2 60. Rg8 Rc2 61. Rh8 Kd7 62. Rg8 Rd2 63. Rh8 Nf5 64. Rg8 Re2 65. Rh8 Ne3 66.
Rg8 Rf2 67. Rh8 Rxg2+ 68. Kh3 Rg1 69. Rf8 Nd5 70. Rf7+ Kd6 71. Rf8 Ke5 72. Re8+
Kd4 73. Rf8 Rg6 74. Rh8 Nf4+ 75. Kh4 Ne6 76. Re8 Kd5 77. Rh8 Nf4 78. Rf8 Ke4
79. Re8+ Ne6 80. Rh8 Kf3 81. Kh3 Rg2 82. Rf8+ Nxf8 83. Kh4 Rg6 84. Kh5 Kf4 85.
Kh4 Rh6# {QueenMaxima checkmated} 0-1

[Event "ICS rated bullet match"]
[Site "204.178.125.65"]
[Date "2001.07.07"]
[Round "?"]
[White "Hossa"]
[Black "thecubanENDgame"]
[Result "1-0"]
[WhiteElo "2517"]
[BlackElo "2138"]
[PlyCount "65"]
[EventDate "2001.??.??"]

1. c4 e6 2. Nc3 d5 3. d4 c6 4. cxd5 exd5 5. Nf3 h6 6. Bf4 Nf6 7. e3 Bd6 8. Bxd6
Qxd6 9. Bd3 Bg4 10. h3 Bh5 11. g4 Bg6 12. Bxg6 fxg6 13. Qc2 Nfd7 14. Nh4 Nf8
15. O-O-O Nbd7 16. e4 O-O-O 17. Nxd5 Kb8 18. Ne3 Qf4 19. Kb1 Nb6 20. Neg2 Qc7
21. f4 Ne6 22. Nxg6 Nxd4 23. Rxd4 Rxd4 24. Nxh8 Rc4 25. Qd3 a5 26. b3 Rc5 27.
a4 Qe7 28. Ng6 Qf6 29. Ne5 Ka7 30. Qd4 g5 31. Qxc5 gxf4 32. Nd7 Ka8 33. Qxa5# {
thecubanENDgame checkmated} 1-0

[Event "ICS rated bullet match"]
[Site "204.178.125.65"]
[Date "2001.07.07"]
[Round "?"]
[White "Hossa"]
[Black "thecubanENDgame"]
[Result "1-0"]
[WhiteElo "2523"]
[BlackElo "2132"]
[PlyCount "33"]
[EventDate "2001.??.??"]

1. c4 e6 2. Nc3 d5 3. d4 c6 4. cxd5 exd5 5. Nf3 h6 6. Bf4 Bd6 7. Bxd6 Qxd6 8.
e3 Nf6 9. Bd3 Bg4 10. Qb3 Bxf3 11. gxf3 b6 12. O-O-O Nbd7 13. Kb1 O-O-O 14. Qa4
Kb8 15. Rc1 Ka8 16. Ne2 Rhe8 17. Rxc6 {thecubanENDgame resigns} 1-0

[Event "ICS rated bullet match"]
[Site "204.178.125.65"]
[Date "2001.07.07"]
[Round "?"]
[White "thecubanENDgame"]
[Black "Hossa"]
[Result "0-1"]
[WhiteElo "2129"]
[BlackElo "2526"]
[PlyCount "32"]
[EventDate "2001.??.??"]

1. d4 d5 2. c4 dxc4 3. Nc3 Bg4 4. f3 Bd7 5. e4 b5 6. a4 c6 7. axb5 cxb5 8. b3
b4 9. Na2 cxb3 10. Qxb3 e6 11. Nxb4 Qb6 12. Bd2 Nc6 13. Rb1 Rb8 14. Nxc6 Qxb3
15. Rxb3 Rxb3 16. Nxa7 Rb7 {thecubanENDgame resigns} 0-1

[Event "ICS rated standard match"]
[Site "204.178.125.65"]
[Date "2001.07.07"]
[Round "?"]
[White "Hossa"]
[Black "ChesterX"]
[Result "0-1"]
[WhiteElo "2330"]
[BlackElo "2581"]
[PlyCount "88"]
[EventDate "2001.??.??"]

1. c4 Nf6 2. Nf3 e6 3. d4 d5 4. Nc3 c6 5. e3 Nbd7 6. Qc2 Bd6 7. Bd2 O-O 8. cxd5
exd5 9. Bd3 Re8 10. O-O-O c5 11. h4 cxd4 12. exd4 Nb6 13. Rde1 Bd7 14. Ne5 Be6
15. Bg5 h6 16. Bxf6 Qxf6 17. Qd2 Rac8 18. Bb5 Re7 19. g4 Bxe5 20. dxe5 Qg6 21.
Rhg1 Bd7 22. Bd3 Qe6 23. Kb1 d4 24. Ne4 Qxe5 25. g5 hxg5 26. hxg5 Kf8 27. Rh1
g6 28. Nf6 Qd6 29. Rh8+ Kg7 30. Rh7+ Kf8 31. Reh1 Ree8 32. Ne4 Rxe4 33. Bxe4
Nc4 34. Qe1 Rc5 35. Bxb7 Rxg5 36. Rh8+ Kg7 37. b3 Rb5 38. R1h7+ Kf6 39. Qh1
Rxb3+ 40. Ka1 Rb1+ 41. Qxb1 d3 42. Rxf7+ Kxf7 43. Bd5+ Qxd5 44. Qb4 Qd4+ {
Hossa resigns} 0-1

[Event "ICS rated standard match"]
[Site "204.178.125.65"]
[Date "2001.07.07"]
[Round "?"]
[White "Hossa"]
[Black "BrazilianMaster"]
[Result "0-1"]
[WhiteElo "2324"]
[BlackElo "2619"]
[PlyCount "162"]
[EventDate "2001.??.??"]

1. c4 Nf6 2. Nf3 c6 3. g3 d5 4. cxd5 cxd5 5. Bg2 Bf5 6. Qb3 Qb6 7. Qxb6 axb6 8.
Nc3 Nc6 9. Nb5 Kd8 10. O-O Nb4 11. Ne5 Bg6 12. a4 Nc2 13. Ra2 Nb4 14. Ra3 e6
15. d4 Nc6 16. Nxg6 hxg6 17. Ra1 Na5 18. Bg5 Nb3 19. Ra2 Rc8 20. f3 Rc4 21. Rd1
Be7 22. e4 dxe4 23. fxe4 Kd7 24. h3 Nd5 25. exd5 Bxg5 26. dxe6+ fxe6 27. Ra3
Rb4 28. d5 e5 29. Re1 Bf6 30. Re4 Nd4 31. Nxd4 exd4 32. Re2 g5 33. Kf2 Rc8 34.
Bf3 Rc1 35. Rd2 Kd6 36. Bg2 g4 37. h4 Be5 38. Be4 d3 39. Bxd3 Bxb2 40. Ra2 Bd4+
41. Kg2 Rc3 42. Be2 Be5 43. Rd3 Rxd3 44. Bxd3 Rb3 45. Rd2 Ra3 46. Kh2 Rxa4 47.
Bg6 b5 48. Rd3 b4 49. h5 b5 50. Kg2 Ra3 51. Kf2 b3 52. Be4 Ra4 53. Bg6 Rb4 54.
Rd2 b2 55. Bb1 Rc4 56. Rc2 Bc3 57. Ke3 b4 58. Rf2 Rc8 59. Rf4 Rh8 60. Be4 Rxh5
61. Rf1 Rh3 62. Kf4 Be5+ 63. Kg5 Rxg3 64. Rb1 Re3 65. Bg2 g3 66. Kg4 Re2 67.
Kh3 g5 68. Bf3 Rh2+ 69. Kg4 g2 70. Kf5 Rh1 71. Rxb2 g1=Q 72. Bxh1 Bxb2 73. Be4
Qe1 74. Bd3 Qe5+ 75. Kg6 Qf6+ 76. Kh5 Qf3+ 77. Kh6 Qxd3 78. Kh5 Qf5 79. Kh6 Ke7
80. Kh5 Kf6 81. Kh6 Qg6# {Hossa checkmated} 0-1

[Event "ICS rated standard match"]
[Site "204.178.125.65"]
[Date "2001.07.07"]
[Round "?"]
[White "BrazilianMaster"]
[Black "Hossa"]
[Result "1-0"]
[WhiteElo "2624"]
[BlackElo "2319"]
[PlyCount "87"]
[EventDate "2001.??.??"]

1. e4 d5 2. exd5 Qxd5 3. Nc3 Qd8 4. d4 Nf6 5. Bc4 c6 6. Nf3 Bf5 7. Ne5 e6 8. g4
Bg6 9. h4 Nbd7 10. Qe2 Bb4 11. h5 Be4 12. O-O Bxc3 13. bxc3 b5 14. Bb3 Bd5 15.
Bxd5 Nxd5 16. h6 gxh6 17. c4 bxc4 18. Nxc4 Qh4 19. Nd6+ Kf8 20. Ba3 Qh3 21. f3
h5 22. c4 Ne7 23. Qh2 hxg4 24. fxg4 Qxg4+ 25. Kh1 f6 26. Rf4 Qg8 27. Rg1 Ng6
28. Qg2 Kg7 29. Qxc6 Rd8 30. Qc7 a6 31. c5 h5 32. Rf3 h4 33. c6 e5 34. cxd7 Qd5
35. Rxg6+ Kxg6 36. Qc2+ Kh6 37. Qf5 Rhf8 38. Bc1+ Kg7 39. Qg4+ Kh7 40. Qxh4+
Kg8 41. Qg3+ Kh8 42. Qh3+ Kg7 43. Qg2+ Kh7 44. Rh3# {Hossa checkmated} 1-0